000 00609nam a2200241Ia 4500
003 OSt
005 20220924152123.0
006 a|||||r|||| 00| 0
007 ta
008 220923b |||||||| |||| 00| 0 mar d
020 _c4.00
024 _a341016
037 _cTextual
040 _aARTS
_cARTS
_bmar
041 _2mar
_amar
082 _aO155,3N201,11, K1
100 _aBabar Sarojini
_9225875
245 0 _aKhunechi pane
260 _c1961
650 _aMARATHI LITERATURE
_938000
942 _hO155,3N201,11, K1
_cTEXL
_2CC
999 _c468788
_d468788